Social welfare in India / (Record no. 104465)

MARC details
000 -LEADER
fixed length control field 00673nam a22002057a 4500
005 - DATE AND TIME OF LATEST TRANSACTION
control field 20161110123609.0
010 ## - LCCN (DPL NO)
LC control number ENG-116423
020 ## - INTERNATIONAL STANDARD BOOK NUMBER
International Standard Book Number 9788179104101
Terms of availability 875.00
035 ## - SYSTEM CONTROL NUMBER
System control number EN-99955
037 ## - SOURCE OF ACQUISITION
Source of stock number/acquisition DBAD/PUB
082 ## - DEWEY DECIMAL CLASSIFICATION NUMBER
Classification number 361.954
100 ## - MAIN ENTRY--PERSONAL NAME
Personal name Mary,Jenitta I
245 ## - TITLE STATEMENT
Title Social welfare in India /
Statement of responsibility, etc by I.Jenitta Mary, C. Chidambaranathan [and] M.D. Allen Selvakumar
260 ## - PUBLICATION, DISTRIBUTION, ETC. (IMPRINT)
Place of publication, distribution, etc Jaipur
Name of publisher, distributor, etc Avishkar Publishers, Distributors
Date of publication, distribution, etc 2016
270 ## - ADDRESS
Address 807, Vyas Building,Chaura Rasta
City Jaipur (RAJ.)
Postal code 302003
300 ## - PHYSICAL DESCRIPTION
Extent xiii,233p.
Dimensions 21cm(Hb)
700 ## - ADDED ENTRY--PERSONAL NAME
Personal name Chidambaranathan, C.
700 ## - ADDED ENTRY--PERSONAL NAME
Personal name M.D. Allen Selvakumar
942 ## - ADDED ENTRY ELEMENTS (KOHA)
Source of classification or shelving scheme Dewey Decimal Classification
Item type English Books
Classification part 361.954
Call number suffix MAR
Holdings
Withdrawn status Lost status Not for loan Collection code Home library Current library Date acquired Source of acquisition Cost, normal purchase price Full call number Barcode Copy number Cost, replacement price Koha item type
      Non-fiction Shahdara Branch Shahdara Branch 03/11/2016 DBAD/PUB 875.00 361.954 JEN EN-99955 1 875.00 English Books

© Delhi Public Library
Hit Counter
free hit counter